000 00411 a2200145 4500
999 _c5275
_d5275
020 _a9780072321074
050 _aQC611 NEA 2003
100 _aNeamen Donald A.
_eAuthor
245 _aSemiconductor Physics and Devices :
_bBasic Principles
_cDonald A. Neamen
264 _aBoston
_bMcGraw Hill
_c2003
300 _a746p.
_bill.
500 _aIncludes index
650 _aPhysics
942 _2lcc
_cBK
_e3rd
_h611
_iNEA
_kQC